| 000 | 02507nam0a2200349 i 4500 | ||
|---|---|---|---|
| 001 | RU\NLR\BIBL_A\010827853 | ||
| 005 | 20260408103006.0 | ||
| 021 |
_aRU _b2015-52304 _93091 |
||
| 035 | _a(NILC)RuMoRGB-007976440 | ||
| 035 | _a(NLR Aleph) 010827853 | ||
| 090 |
_a10273198 _c10273198 |
||
| 100 | _a20150902d2015 k y0rusy50 ca | ||
| 101 | 0 | _arus | |
| 102 | _aRU | ||
| 105 | _aa j 000yy | ||
| 200 | 1 |
_aМетоды структурного анализа материалов и контроля качества деталей _eметодические указания для самостоятельной работы студентов бакалавриата направления 150100 _fМ-во образования и науки Российской Федерации, Федеральное гос. бюджетное образовательное учреждение высш. проф. образования Нац. минерально-сырьевой ун-т "Горный", Каф. материаловедения и технологии художественных изделий _g[сост. Л. Г. Борисова _gнауч. ред.: проф. Е.И. Пряхин] |
|
| 210 |
_aСанкт-Петербург _cРИЦ Национального минерально-сырьевого университета "Горный" _d2015 |
||
| 215 |
_a73, [4] с. _cил. _d21 |
||
| 320 | _aБиблиогр. в конце кн. (6 назв.) | ||
| 606 | 1 |
_aДетали машин _jМетодические пособия _xТехнический контроль _9942322 _3RU\NLR\AUTH\66348893 |
|
| 606 | 1 |
_aМатериалы _jМетодические пособия _xСтруктура _xИсследование _92269064 _3RU\NLR\AUTH\661360082 |
|
| 686 | 1 | _aК5-7я73-1 | |
| 686 | 1 | _aЖ304-1с3я73-1 | |
| 702 | 1 |
_4220 _aБорисова _bЛ. Г. _cканд. пед. наук _gЛюция Геннадьевна _9149501 _3RU\NLR\AUTH\770149537 |
|
| 702 | 1 |
_aПряхин _bЕ. И. _gЕвгений Иванович _4340 |
|
| 712 | 0 | 2 |
_4570 _a"Горный", национальный минерально-сырьевой университет _cСанкт-Петербург _bКафедра материаловедения и технологии художественных изделий _3RU\NLR\AUTH\8810242139 _9370134 |
| 801 | 0 |
_aRU _bРГБ _c20150715 _gRCR |
|
| 942 | _cBOOK | ||
| 980 | _aNBR | ||